The complete idiot's guide to Microsoft Works for Windows 95 / (Record no. 180274)
[ view plain ]
| 000 -LEADER | |
|---|---|
| fixed length control field | 00894 a2200205 4500 |
| 003 - CONTROL NUMBER IDENTIFIER | |
| control field | Nust |
| 005 - DATE AND TIME OF LATEST TRANSACTION | |
| control field | 20221007165200.0 |
| 010 ## - LIBRARY OF CONGRESS CONTROL NUMBER | |
| LC control number | 95071451 |
| 020 ## - INTERNATIONAL STANDARD BOOK NUMBER | |
| International Standard Book Number | 078970451X |
| 040 ## - CATALOGING SOURCE | |
| Transcribing agency | Nust |
| 082 ## - DEWEY DECIMAL CLASSIFICATION NUMBER | |
| Classification number | 005.43,PIV |
| 100 1# - MAIN ENTRY--PERSONAL NAME | |
| Personal name | Pivovarnick, John. |
| 9 (RLIN) | 99515 |
| 245 14 - TITLE STATEMENT | |
| Title | The complete idiot's guide to Microsoft Works for Windows 95 / |
| Statement of responsibility, etc. | John Pivovarnick. |
| 260 ## - PUBLICATION, DISTRIBUTION, ETC. | |
| Place of publication, distribution, etc. | Indianapolis, IN : |
| Name of publisher, distributor, etc. | Que, |
| Date of publication, distribution, etc. | c1995. |
| 300 ## - PHYSICAL DESCRIPTION | |
| Extent | xxiii, 384 p. : |
| Other physical details | ill. ; |
| Dimensions | 23 cm. |
| 505 ## - FORMATTED CONTENTS NOTE | |
| Formatted contents note | The Basic (Page-1), The Top 10 Things You Need To Know (Page-3), Works’ Word Processor (Page-73), Spreadsheets (Page-143), Your Basic Database (Page-213), Works Working Together (Page-269), Comm. Basis (Page-323), Works Customizing Options (Page-347). |
| 650 #0 - SUBJECT ADDED ENTRY--TOPICAL TERM | |
| Topical term or geographic name entry element | Integrated software. |
| 9 (RLIN) | 94386 |
| 856 42 - ELECTRONIC LOCATION AND ACCESS | |
| Materials specified | Publisher description |
| Uniform Resource Identifier | <a href="http://www.loc.gov/catdir/enhancements/fy0720/95071451-d.html">http://www.loc.gov/catdir/enhancements/fy0720/95071451-d.html</a> |
| 942 ## - ADDED ENTRY ELEMENTS (KOHA) | |
| Source of classification or shelving scheme | |
| Koha item type | Book |
| Call number prefix | 005.43,PIV |
| Withdrawn status | Lost status | Source of classification or shelving scheme | Damaged status | Not for loan | Permanent Location | Current Location | Shelving location | Date acquired | Full call number | Barcode | Date last seen | Price effective from | Koha item type | Public note |
|---|---|---|---|---|---|---|---|---|---|---|---|---|---|---|
| Military College of Signals (MCS) | Military College of Signals (MCS) | General Stacks | 12/12/2016 | 005.43,PIV | MCS3650 | 12/08/2016 | 12/12/2016 | Book | Almirah No.6, Shelf No.2 |
